| 000 | 01149nam a2200229Ia 4500 | ||
|---|---|---|---|
| 001 | L248-14991 | ||
| 003 | IT-CnALBA | ||
| 008 | 170116s9999||||xx |||||||||||||| ||und|| | ||
| 040 |
_aIT-CnALBA _cIT-CnALBA |
||
| 041 | _aITALIANO | ||
| 100 | _aBELLECIO P. ALOISIO, DCDG. | ||
| 245 | 0 | _aLA VIRTÙ SODA. OPERA IN TRE PARTI DIVISA. | |
| 250 | _a1a ed. | ||
| 260 |
_a TORINO - ROMA _bMARIETTI EDITORE _c1873 [1° Ed.: n.d.] |
||
| 300 | _a491 p. | ||
| 500 | _aTRADUZIONE DAL LATINO DEL P. LUIGI LOMBARDINI. PECCATO VENIALE. TIEPIDEZZA. DIVINE ISPIRAZIONI. PASSIONE PREDOMINANTE. RISPETTO UMANO. RACCOGLIMENTO. COMUNIONE FERVENTE. RITIRO SPIRITUALE. FEDE VIVA. BEATITUDINE CELESTE. PERSEVERANZA. | ||
| 501 | _aSocietà San Paolo EM - Piazza San Paolo, 14 - 12051 ALBA (CN) (non commercial uses only) ® Copyright 2017 | ||
| 520 | _aTRADUZIONE DAL LATINO DEL P. LUIGI LOMBARDINI. PECCATO VENIALE. TIEPIDEZZA. DIVINE ISPIRAZIONI. PASSIONE PREDOMINANTE. RISPETTO UMANO. RACCOGLIMENTO. COMUNIONE FERVENTE. RITIRO SPIRITUALE. FEDE VIVA. BEATITUDINE CELESTE. PERSEVERANZA. | ||
| 650 | _aASCETICA E MISTICA | ||
| 942 | _cBK | ||
| 957 | _71 | ||
| 999 |
_a19741 _bSI _g Copie: 1 _c274160 _d274160 |
||